|
|
|
|
| LEADER |
01020nam a2200265 a 4500 |
| 001 |
4015403 |
| 008 |
110716s1998 enka b 001 0 eng d |
| 010 |
|
|
|a 97011460
|
| 020 |
|
|
|a 0135717795 (pbk. : alk. paper)
|
| 040 |
|
|
|a DLC
|c DLC
|d DLC
|c BD-DhAAL
|
| 082 |
0 |
0 |
|a 006.3
|2 21
|
| 999 |
|
|
|c 11096
|d 11096
|
| 999 |
|
|
|c 11096
|
| 100 |
1 |
|
|a Cawsey, Alison.
|9 7545
|
| 245 |
1 |
4 |
|a The essence of artificial intelligence /
|c Alison Cawsey.
|
| 260 |
|
|
|a Harlow, England ;
|a New York :
|b Prentice Hall,
|c c1998.
|
| 300 |
|
|
|a ix, 190 p. :
|b ill. ;
|c 24 cm.
|
| 490 |
0 |
|
|a Essence of computing series
|
| 504 |
|
|
|a Includes bibliographical references (p. [184]-185) and index.
|
| 541 |
1 |
|
|e 00010235
|
| 650 |
|
0 |
|a Artificial intelligence.
|9 7546
|
| 650 |
|
0 |
|a Expert systems (Computer science)
|9 7547
|
| 852 |
4 |
|
|a Ayesha Abed Library
|c General shelf
|
| 942 |
|
|
|2 ddc
|c BK
|
| 952 |
|
|
|0 0
|1 0
|4 0
|6 006_300000000000000_CAW
|7 0
|9 17477
|a BRACUL
|b BRACUL
|c GEN
|d 2011-07-16
|l 8
|m 108
|o 006.3 CAW
|p 3010010235
|r 2024-11-19
|s 2024-10-30
|t 1
|w 2011-07-16
|y BK
|x Available
|